Behavior Modification :What it is and How to do it (Record no. 23392)
[ view plain ]
| 000 -LEADER | |
|---|---|
| fixed length control field | 00560nam a22001937a 4500 |
| 003 - CONTROL NUMBER IDENTIFIER | |
| control field | OSt |
| 005 - DATE AND TIME OF LATEST TRANSACTION | |
| control field | 20260605152649.0 |
| 008 - FIXED-LENGTH DATA ELEMENTS--GENERAL INFORMATION | |
| fixed length control field | 260605b |||||||| |||| 00| 0 eng d |
| 020 ## - INTERNATIONAL STANDARD BOOK NUMBER | |
| International Standard Book Number | 9780205992102 |
| 040 ## - CATALOGING SOURCE | |
| Transcribing agency | chuka university library |
| 050 ## - LIBRARY OF CONGRESS CALL NUMBER | |
| Classification number | BF 637 .M37 2015 |
| 100 ## - MAIN ENTRY--PERSONAL NAME | |
| Personal name | Martin Garry |
| 9 (RLIN) | 27038 |
| 245 ## - TITLE STATEMENT | |
| Title | Behavior Modification :What it is and How to do it |
| 250 ## - EDITION STATEMENT | |
| Edition statement | 10th Ed. |
| 260 ## - PUBLICATION, DISTRIBUTION, ETC. | |
| Place of publication, distribution, etc. | Boston columbus |
| Name of publisher, distributor, etc. | Pearson |
| Date of publication, distribution, etc. | 2015 |
| 300 ## - PHYSICAL DESCRIPTION | |
| Extent | Various paging |
| Other physical details | colored illustrations |
| 650 ## - SUBJECT ADDED ENTRY--TOPICAL TERM | |
| Topical term or geographic name entry element | Behavior modification |
| 9 (RLIN) | 27039 |
| 942 ## - ADDED ENTRY ELEMENTS (KOHA) | |
| Source of classification or shelving scheme | Library of Congress Classification |
| Koha item type | Long Loan Books |
| Suppress in OPAC | No |
| Withdrawn status | Lost status | Source of classification or shelving scheme | Damaged status | Not for loan | Collection | Home library | Current library | Shelving location | Date acquired | Source of acquisition | Total Checkouts | Full call number | Barcode | Date last seen | Copy number | Price effective from | Koha item type |
|---|---|---|---|---|---|---|---|---|---|---|---|---|---|---|---|---|---|
| Library of Congress Classification | General Collection Books | Main Campus Library | Main Campus Library | General Stacks | 05/06/2026 | Donation from books for Africa | BF 637 .M37 2015 | 32840/2026 | 05/06/2026 | C3 | 05/06/2026 | Long Loan Books | |||||
| Library of Congress Classification | General Collection Books | Main Campus Library | Main Campus Library | General Stacks | 05/06/2026 | Donation from books for Africa | BF 637 .M37 2015 | 32839/2026 | 05/06/2026 | C1 | 05/06/2026 | Long Loan Books | |||||
| Library of Congress Classification | General Collection Books | Main Campus Library | Main Campus Library | General Stacks | 05/06/2026 | Donation from books for Africa | BF 637 .M37 2015 | 32838/2026 | 05/06/2026 | C4 | 05/06/2026 | Long Loan Books | |||||
| Library of Congress Classification | General Collection Books | Main Campus Library | Main Campus Library | General Stacks | 05/06/2026 | Donation from books for Africa | BF 637 .M37 2015 | 32837/2026 | 05/06/2026 | C5 | 05/06/2026 | Long Loan Books |
